A comparative study of firefighting arrangements in Britain, Denmark, The Netherlands and Sweden
| Körperschaft: | |
|---|---|
| Beteiligte: | |
| Medienart: | Druck Buch |
| Sprache: | Englisch |
| Veröffentlicht: |
London
HMSO
1992
|
| In: |
Home Office research study (127)
Jahr: 1992 |
| Ausgabe: | 1. publ. |
| Bestand in Tübingen: | In Tübingen vorhanden. IFK: S XLII 127 UB: KB 8 E 4079 |
| Verfügbarkeit prüfen: | HBZ Gateway |
| Subito Bestelldienst: | Jetzt bestellen. |
MARC
| LEADER | 00000cam a2200000 c 4500 | ||
|---|---|---|---|
| 001 | 271955007 | ||
| 003 | DE-627 | ||
| 005 | 20251222212136.0 | ||
| 007 | tu | ||
| 008 | 930127s1992 xx ||||| 00| ||eng c | ||
| 020 | |a 0113410433 |9 0-11-341043-3 | ||
| 035 | |a (DE-627)271955007 | ||
| 035 | |a (DE-576)031616844 | ||
| 035 | |a (DE-599)GBV271955007 | ||
| 035 | |a (OCoLC)246260744 | ||
| 035 | |a (OCoLC)27368908 | ||
| 040 | |a DE-627 |b ger |c DE-627 |e rakwb | ||
| 041 | |a eng | ||
| 082 | 0 | |a 363.37094 | |
| 245 | 0 | 2 | |a A comparative study of firefighting arrangements in Britain, Denmark, The Netherlands and Sweden |c by John Graham ... |
| 250 | |a 1. publ. | ||
| 264 | 1 | |a London |b HMSO |c 1992 | |
| 300 | |a X, 57 S. | ||
| 336 | |a Text |b txt |2 rdacontent | ||
| 337 | |a ohne Hilfsmittel zu benutzen |b n |2 rdamedia | ||
| 338 | |a Band |b nc |2 rdacarrier | ||
| 490 | 1 | |a Home Office research study |v 127 | |
| 490 | 0 | |a A Home Office Research and Planning Unit report | |
| 583 | 1 | |a Archivierung prüfen |c 20200919 |f DE-640 |z 2 |2 pdager | |
| 700 | 1 | |a Graham, John |4 oth | |
| 710 | 2 | |a Großbritannien |b Home Office |b Research and Planning Unit |0 (DE-588)1094378-X |0 (DE-627)100757588 |0 (DE-576)192481495 |4 oth | |
| 810 | 2 | |a Großbritannien |b Home Office |t Home Office research study |v 127 |9 12700 |w (DE-627)167286013 |w (DE-576)013085530 |w (DE-600)441298-9 |x 0072-6435 |7 am | |
| 889 | |w (DE-576)468674799 | ||
| 935 | |i Blocktest | ||
| 951 | |a BO | ||
| ELC | |b 1 | ||
| LOK | |0 000 xxxxxcx a22 zn 4500 | ||
| LOK | |0 001 316046055X | ||
| LOK | |0 003 DE-627 | ||
| LOK | |0 004 271955007 | ||
| LOK | |0 005 20150904123358 | ||
| LOK | |0 008 930127||||||||||||||||ger||||||| | ||
| LOK | |0 040 |a DE-21 |c DE-627 |d DE-21 | ||
| LOK | |0 852 |a DE-21 | ||
| LOK | |0 852 1 |c KB 8 E 4079 |9 00 | ||
| LOK | |0 935 |a krim | ||
| LOK | |0 939 |a 27-01-93 |b l01 | ||
| LOK | |0 000 xxxxxcx a22 zn 4500 | ||
| LOK | |0 001 3160460622 | ||
| LOK | |0 003 DE-627 | ||
| LOK | |0 004 271955007 | ||
| LOK | |0 005 20020607000000 | ||
| LOK | |0 008 940513||||||||||||||||ger||||||| | ||
| LOK | |0 040 |a DE-21-110 |c DE-627 |d DE-21-110 | ||
| LOK | |0 852 |a DE-21-110 | ||
| LOK | |0 852 1 |c S XLII 127 |m p |9 00 | ||
| LOK | |0 935 |a k110 | ||
| LOK | |0 936ln |a 4.4.5 | ||
| LOK | |0 938 |k p | ||
| LOK | |0 939 |a 13-05-94 |b l01 | ||
| ORI | |a SA-MARC-krimdoka001.raw | ||
| SIG | |a IFK: S XLII 127 | ||
| SIG | |a UB: KB 8 E 4079 | ||
